El aprendizaje informal y el Lifelong Learning en la era de la Inteligencia Artificial (Registro nro. 10902)

000 -CABECERA
Campo de control de longitud fija 01962nam a22002897a 4500
003 - IDENTIFICADOR DEL NÚMERO DE CONTROL
Campo de control OSt
005 - FECHA Y HORA DE LA ÚLTIMA TRANSACCIÓN
Campo de control 20260630170208.0
008 - CÓDIGOS DE INFORMACIÓN DE LONGITUD FIJA
Campo de control de longitud fija 260624t2024 xxu||||| |||| 00| 0 spa d
040 ## - FUENTE DE LA CATALOGACIÓN
Centro catalogador de origen Unicoc
Lengua de catalogación spa
Centro que cataloga Bogotá (Dr. David Ordóñez Rueda) - Campus Norte
Centro modificador Bogotá (Dr. David Ordóñez Rueda) - Campus Norte
082 ## - NÚMERO DE LA CLASIFICACIÓN DECIMAL DEWEY
Número de clasificación 371.33
100 ## - PUNTO DE ACCESO PRINCIPAL - NOMBRE DE PERSONA
9 (RLIN) 13134
Nombre de persona Rey Valzacchi, Jorge
245 ## - MENCIÓN DE TÍTULO
Título El aprendizaje informal y el Lifelong Learning en la era de la Inteligencia Artificial
Subtitulo o Resto del título : Innovación, algoritmos y desarrollo personal en un mundo en constante cambio
Mención de responsabilidad etc. / Jorge Rey Valzacchi
250 ## - MENCIÓN DE EDICIÓN
Mención de edición 1Ed.
260 ## - PUBLICATION, DISTRIBUTION, ETC. (IMPRINT)
Lugar de publicación distribución etc. Argentina :
Nombre del editor distribuidor etc. Instituto Latinoamericano de Desarrollo Profesional Docente ,
Fecha de publicación distribución etc. 2024.
300 ## - DESCRIPCIÓN FÍSICA
Extensión 120 páginas
Otras características físicas Ilustraciones, diagramas, tablas, gráficas
440 ## - MENCIÓN DE SERIE
9 (RLIN) 13135
Título Aprende Virtual
505 ## - NOTA DE CONTENIDO CON FORMATO
Título 1. Introducción. --
-- 2. Evolución del Aprendizaje Informal con la IA. --
-- 3. Teorías pedagógicas y modelos en los que se fundamenta el Aprendizaje Informal. --
-- 4. Concepto de Lifelong Learning (Aprendizaje a lo largo de la vida). --
-- 5. Importancia del Aprendizaje Informal en el siglo XXI. --
-- 6. Tecnologías de IA que potencian el Aprendizaje Informal. --
-- 7. Aprendizaje por serendipia: La incidencia de lo accidental en el proceso educativo. --
-- 8. Habilidades del siglo XXI potenciadas por la IA. --

-- 9. La Relación entre el Aprendizaje Informal y la creatividad. --
-- 10. Estrategias para fomentar el Aprendizaje Informal. --
-- 11. Fuentes de Aprendizaje Informal. --
526 ## - NOTA DE INFORMACIÓN SOBRE EL PROGRAMA DE ESTUDIO
Institución que aplica el campo Unicoc
546 ## - NOTA DE LENGUA
Nota de lengua Español
650 #0 - PUNTO DE ACCESO ADICIONAL DE MATERIA - TÉRMINO DE MATERIA
9 (RLIN) 13182
Término de materia o nombre geográfico como elemento inicial Aprendizaje Informal con la IA
650 #0 - PUNTO DE ACCESO ADICIONAL DE MATERIA - TÉRMINO DE MATERIA
9 (RLIN) 13139
Término de materia o nombre geográfico como elemento inicial Educación digital
650 #0 - PUNTO DE ACCESO ADICIONAL DE MATERIA - TÉRMINO DE MATERIA
9 (RLIN) 13179
Término de materia o nombre geográfico como elemento inicial Aprendizaje a lo largo de la vida (Lifelong learning)
650 #0 - PUNTO DE ACCESO ADICIONAL DE MATERIA - TÉRMINO DE MATERIA
9 (RLIN) 13136
Término de materia o nombre geográfico como elemento inicial Tecnología educativa
650 #0 - PUNTO DE ACCESO ADICIONAL DE MATERIA - TÉRMINO DE MATERIA
9 (RLIN) 13154
Término de materia o nombre geográfico como elemento inicial Plataformas digitales educativas
856 ## - LOCALIZACIÓN Y ACCESO ELECTRÓNICOS
Texto del enlace Acceso online exclusivo para comunidad Unicoc.
Identificador Uniforme del Recurso (URI) https://unicoceduco-my.sharepoint.com/:b:/g/personal/direccionbiblioteca_unicoc_edu_co/IQAjr3ZtBuPXTJqMlKNy5q4hARaX70SQwTL13keRKopU-AE
942 ## - ENTRADA PARA ELEMENTOS AGREGADOS (KOHA)
Fuente de clasificación o esquema de ordenación en estanterías
Koha [por defecto] tipo de item Libro electrónico
Existencias
Signatura completa Localización permanente Tipo de item de Koha Estropeado Código de barras Código de colección Precio Fecha del precio de reemplazo No para préstamo Fuente de clasificación o esquema de ordenación en estanterías Fuente de adquisición Fecha última consulta Fecha de adquisición Localización actual Estado de pérdida
371.33Bogotá (Dr. David Ordóñez Rueda) - Campus NorteLibro electrónico Ebook10902Coleccion Online200000.002026-06-24  Compra2026-06-242026-06-24Bogotá (Dr. David Ordóñez Rueda) - Campus Norte 

© 2014 UNICOC | Institución Universitaria Colegios de Colombia - UNICOC
Bogotá D.C. Autopista Norte Km. 20. Teléfono:(571)6683535
Cali: Calle 13 Norte No. 3N-13. Teléfono: (572)6608887

Con tecnología de Koha